LEADER 00770nam0-22002651i-450- 001 990000994260403321 035 $a000099426 035 $aFED01000099426 035 $a(Aleph)000099426FED01 035 $a000099426 100 $a20000920d1965----km-y0itay50------ba 101 0 $aeng 200 1 $aTheory of Functions of a Complex Variable$fAndrew Russell Forsyth 210 $aNew York$cDover$d1965 610 0 $aEquazioni differenziali e integro$aDifferenziali 676 $a517.37 700 1$aForsyth,$bAndrew Russell$012311 801 0$aIT$bUNINA$gRICA$2UNIMARC 901 $aBK 912 $a990000994260403321 952 $a15-080.001$b6216$fFI1 959 $aFI1 996 $aTheory of Functions of a Complex Variable$9354024 997 $aUNINA DB $aING01 LEADER 00831nam0-22002771i-450- 001 990002574090403321 035 $a000257409 035 $aFED01000257409 035 $a(Aleph)000257409FED01 035 $a000257409 100 $a20000920d--------km-y0itay50------ba 101 0 $aENG 200 1 $aIntroduction to computer organization and structures$fH. Stone. 210 $aNew York$cMcGraw-Hill$ds.d. 215 $a321 p.$d23 cm 610 0 $aMetodi computazionali, Teoria generale della programmazione dei calcolatori 676 $a001 700 1$aStone,$bHarold S.$08443 801 0$aIT$bUNINA$gRICA$2UNIMARC 901 $aBK 912 $a990002574090403321 952 $aMXXI-A-115$b3229$fMAS 959 $aMAS 996 $aIntroduction to computer organization and structures$9435864 997 $aUNINA DB $aING01